MARC

LEADER 00000nam0a2200000 4500
001 308462
005 20231102002109.0
020 |a RU  |b 82-89539 
035 |a (RuTPU)RU\TPU\book\333782 
090 |a 308462 
100 |a 20151102d1980 k y0rusy5003 ca 
101 0 |a rus 
102 |a RU 
105 |a a z 001zy 
200 1 |a Управление газовыделением средствами вентиляции и дегазации в угольных шахтах  |e труды   |f Восточный научно-исследовательский институт по безопасности работ в горной промышленности (ВостНИИ) ; под ред. А. А. Мясникова 
210 |a Кемерово  |c [Б. и.]  |d 1980 
215 |a 169 с.  |c ил. 
225 1 |a Труды ВОСТНИИ  |v Т. 32 
320 |a Библиография в конце статей 
606 1 |a Угольные пласты  |x Газовыделение  |x Управление  |2 stltpush  |3 (RuTPU)RU\TPU\subj\62732  |9 79799 
610 1 |a угольные шахты 
610 1 |a вентиляция 
610 1 |a дегазация 
610 1 |a герметизация 
610 1 |a контроль 
610 1 |a выбросоопасные пласты 
610 1 |a сероводород 
610 1 |a производственные опасности 
675 |a 622.81  |z rus  |v 3 
702 1 |a Мясников  |b А. А.  |g Анатолий Афанасьевич  |4 340 
712 0 2 |a Восточный научно-исследовательский институт по безопасности работ в горной промышленности (ВостНИИ)  |c (Кемерово)  |c (1946-1996)  |2 stltpush  |3 (RuTPU)RU\TPU\col\21672 
801 0 |a RU  |b RuMRKP  |c 19950704  |g psbo 
801 1 |a RU  |b 63413507  |c 20151102 
801 2 |a RU  |b 63413507  |c 20180918  |g RCR 
942 |c BK